Комплексный финансовый анализ в управлении предприятием: учебное пособие для вузов

Manylion Llyfryddiaeth
Prif Awdur: Бороненкова С. А. Светлана Ароновна
Awduron Eraill: Мельник М. В. Маргарита Викторовна
Crynodeb:В учебном пособии рассмотрен комплексный экономический анализ деятельности экономического субъекта как основа управления ее эффективностью. Показана роль анализа в управленческом цикле. Дана его характеристика как основного метода обоснования и выбора управленческих решений на всех стадиях управленческого цикла - от постановки целей и задач развития до оценки вклада отдельных подразделений и работников в общие результаты деятель­ности экономического субъекта. Особое внимание уделено инфор­мационно-образующей функции анализа.Основные задачи учебного пособия состоят в изложении ведущих методик финансового анализа, ориентированных на улучшение ис­пользования производственных ресурсов и выявление резервов про­изводства, что является основным фактором роста эффективности, оценки производственного потенциала экономического субъекта и обоснования экономичных направлений его развития, обеспечиваю­щих повышение финансовой устойчивости в долгосрочном периоде.Учебное пособие предназначено для студентов высших учебных заведений, обучающихся по направлениям подготовки 080100.65 «Экономика» и 080200.61 «Менеджмент».
Iaith:Rwseg
Cyhoeddwyd: Москва, Форум, 2016
Cyfres:Высшее образование - Бакалавриат
Pynciau:
Fformat: MixedMaterials Llyfr
KOHA link:https://koha.lib.tpu.ru/cgi-bin/koha/opac-detail.pl?biblionumber=314732

MARC

LEADER 00000nam0a2200000 4500
001 314732
005 20231102002716.0
010 |a 9785000911273 
010 |a 978-5-16-011304-3 
035 |a (RuTPU)RU\TPU\book\340155 
090 |a 314732 
100 |a 20160218d2016 m y0rusy50 ca 
101 0 |a rus 
102 |a RU 
105 |a a j 001zy 
200 1 |a Комплексный финансовый анализ в управлении предприятием  |e учебное пособие для вузов  |f С. А. Бороненкова, М. В. Мельник 
210 |a Москва  |c Форум  |c Инфра-М  |d 2016 
215 |a 335 с.  |c ил. 
225 1 |a Высшее образование - Бакалавриат 
320 |a Библиогр.: с. 326-328. 
330 |a В учебном пособии рассмотрен комплексный экономический анализ деятельности экономического субъекта как основа управления ее эффективностью. Показана роль анализа в управленческом цикле. Дана его характеристика как основного метода обоснования и выбора управленческих решений на всех стадиях управленческого цикла - от постановки целей и задач развития до оценки вклада отдельных подразделений и работников в общие результаты деятель­ности экономического субъекта. Особое внимание уделено инфор­мационно-образующей функции анализа.Основные задачи учебного пособия состоят в изложении ведущих методик финансового анализа, ориентированных на улучшение ис­пользования производственных ресурсов и выявление резервов про­изводства, что является основным фактором роста эффективности, оценки производственного потенциала экономического субъекта и обоснования экономичных направлений его развития, обеспечиваю­щих повышение финансовой устойчивости в долгосрочном периоде.Учебное пособие предназначено для студентов высших учебных заведений, обучающихся по направлениям подготовки 080100.65 «Экономика» и 080200.61 «Менеджмент». 
606 1 |a Финансовый анализ  |2 stltpush  |3 (RuTPU)RU\TPU\subj\37212  |9 58317 
610 1 |a предприятия 
610 1 |a управление 
610 1 |a методология 
610 1 |a информационная база 
610 1 |a финансовые результаты 
610 1 |a финансовое состояние 
610 1 |a капитал 
610 1 |a финансовая устойчивость 
610 1 |a заемный капитал 
610 1 |a ликвидность 
610 1 |a платежеспособность 
610 1 |a кредитоспособность 
610 1 |a деловая активность 
610 1 |a банкротство 
610 1 |a учебные пособия 
686 |a У053я73  |v LBC/SL-A  |2 rubbk 
700 1 |a Бороненкова  |b С. А.  |g Светлана Ароновна 
701 1 |a Мельник  |b М. В.  |g Маргарита Викторовна 
801 1 |a RU  |b 63413507  |c 20160218 
801 2 |a RU  |b 63413507  |c 20160404  |g RCR 
900 |a Финансовый анализ 
942 |c BK 
951 |l 8.1  |l 8.3 
959 |a 19/20160212  |d 1  |e 739,90  |f ЧЗГЛ:1